000 00659nam a2200241Ia 4500
003 OSt
005 20220925200010.0
006 a|||||r|||| 00| 0
007 ta
008 220923b |||||||| |||| 00| 0 eng d
037 _cGeneral Book
040 _aRTL
_cRTL
_beng
041 _2eng
_aeng
082 _aY:434.4498.N8, M1
110 _aMARGA INSTITUTE
_9256255
245 0 _aAnalytical description of poverty in Sri Lanka
260 _aColombo
_bThe Author
_c1981
300 _a185p
_ccm.
650 _aPoverty
700 _aMARGA INSTITUTE
_9256256
942 _hY:434.4498.N8, M1
_cGB
_2CC
999 _c535051
_d535051